00320nam a2200145Ia 4500003000900000008004100009040001300050040001300063100001500076245004600091250001000137260001300147300000800160490000600168IT-RoPAU120407s9999 xx 000 0 und d aIT-RoPAU cIT-RoPAU aP. Pourrat aLa spiritualité chrètienne (vol. III) aParis aLecoffre c cm v1